|
|
|
|
| LEADER |
00832cam a2200253 7i4500 |
| 001 |
0000036638 |
| 005 |
20210409090000.0 |
| 007 |
##ta |
| 008 |
210409t20202020ilua e 000 0 eng d |
| 020 |
# |
# |
|a 9781728235837
|
| 040 |
# |
# |
|a MATR
|
| 090 |
0 |
0 |
|a B 658.45
|b AXT
|
| 100 |
1 |
# |
|a Axtell, Paul
|e author
|
| 245 |
1 |
0 |
|a MAKE VIRTUAL MEETINGS MATTER :
|b How to turn VIRTUAL meetings from status updates to remarkable conversations
|c Paul Axtell.
|
| 264 |
# |
4 |
|a ♭2020.
|
| 264 |
# |
0 |
|a Naperville, Illinois:
|b Simple Truths,
|c 2020.
|
| 300 |
# |
# |
|a xxxi, 123 pages;
|c 18 cm.
|
| 336 |
# |
# |
|a text
|2 rdacontent
|
| 337 |
# |
# |
|a unmediated
|2 rdamedia
|
| 338 |
# |
# |
|a volume
|2 rdacarrier
|
| 650 |
0 |
0 |
|a Business communication
|
| 650 |
0 |
0 |
|a Business meetings
|
| 650 |
0 |
0 |
|a Easy to read materials
|
| 999 |
|
|
|a B000041334
|b Book
|c Book
|e Business Information Centre
|